Three Letter Counties - Statistics

General Stats
  • This quiz has been taken 31 times
  • The average score is 3 of 14
Answer Stats
State(s) Answer % Correct
Alabama, Arkansas, Florida, Georgia, Illinois, Iowa, Kentucky, Mississippi, North Carolina, South Carolina, Texas, Virginia Lee
56%
Idaho Ada
36%
Florida, Michigan Bay
32%
South Dakota Day
32%
Indiana Jay
28%
Oklahoma Kay
28%
Iowa Ida
24%
New Mexico Lea
20%
Texas Bee
16%
Kansas, Pennsylvania Elk
16%
Idaho Gem
16%
Missouri Ray
16%
Iowa Sac
16%
Nevada Nye
12%
No matching quizzes found
Score Distribution
Percent of People with Each Score
Percentile by Number Answered
Your Score History
You have not taken this quiz